000 00349nam a2200157Ia 4500
003 OSt
008 191201s2004 xx 000 0 und d
082 _a658
_bARE
100 _aARORA, D D
245 0 _aEmerging Issues in Modern Marketing
250 _a1st
260 _aN.Delhi
_bUDH
_c2004
300 _a164
650 _aApplied
942 _2ddc
_cBK
999 _c1895
_d1895